Mariología (Record no. 103804)

MARC details
000 -LEADER
campo de control de longitud fija 00617nam a2200181 i 4500
001 - NÚMERO DE CONTROL
campo de control 103804
003 - IDENTIFICADOR DE NÚMERO DE CONTROL
campo de control ES-MaACL
005 - FECHA Y HORA DE LA ÚLTIMA TRANSACCIÓN
campo de control 20230906183440.0
007 - CAMPO FIJO DE DESCRIPCIÓN FÍSICA--INFORMACIÓN GENERAL
campo de control de longitud fija t|
008 - DATOS DE LONGITUD FIJA--INFORMACIÓN GENERAL
campo de control de longitud fija 051118s1954 sp ||||1| spa d
100 1# - ENTRADA PRINCIPAL--NOMBRE DE PERSONA
Nombre de persona Merkelbach, Benoit Henri.
9 (RLIN) 80559
245 10 - MENCIÓN DEL TÍTULO
Título Mariología
Resto del título : tratado de la Santísima Virgen María /
Mención de responsabilidad, etc. Benito Enrique Merkelbach ; traducido y notablemente mejorado por el P. Pedro Arenillas.
260 ## - PUBLICACIÓN, DISTRIBUCIÓN, ETC.
Lugar de publicación, distribución, etc. Bilbao :
Nombre del editor, distribuidor, etc. Desclée de Brouwer,
Fecha de publicación, distribución, etc. 1954.
300 ## - DESCRIPCIÓN FÍSICA
Extensión 592 p. ;
Dimensiones 22 cm.
650 04 - PUNTO DE ACCESO ADICIONAL DE MATERIA--TÉRMINO DE MATERIA
Término de materia o nombre geográfico como elemento de entrada Mariología.
9 (RLIN) 14794
700 1# - ENTRADA AGREGADA--NOMBRE PERSONAL
Nombre de persona Arenillas, Pedro.
9 (RLIN) 22620
852 ## - LOCALIZACIÓN
Ubicación ES-MaACL
Número de control de estantería C-9238
Sublocalización o colección R.37124
Holdings
Estatus retirado Estado de pérdida Estado de daño No para préstamo Biblioteca de origen Biblioteca actual Ubicación en estantería Fecha de adquisición Fuente de adquisición Total de préstamos Signatura topográfica completa Código de barras Visto por última vez Precio de reemplazo Tipo de ítem Koha
        Biblioteca del Ateneo de Madrid Biblioteca del Ateneo de Madrid Sala Palomar 17/01/2008     C-9238 1108376 23/02/2023 23/02/2023 Libro impreso